Entry Personal Name
Number of records used in: 1
001 - CONTROL NUMBER
003 - CONTROL NUMBER IDENTIFIER
005 - DATE AND TIME OF LATEST TRANSACTION
- control field:
20200222113347.0
008 - FIXED-LENGTH DATA ELEMENTS
- fixed length control field:
820910n| acannaabn |b aaa
010 ## - LIBRARY OF CONGRESS CONTROL NUMBER
- LC control number:
n 82085880
035 ## - SYSTEM CONTROL NUMBER
- System control number:
(OCoLC)oca00782547
040 ## - CATALOGING SOURCE
- Original cataloging agency:
DLC
- Language of cataloging:
eng
- Transcribing agency:
DLC
- Modifying agency:
OCoLC
100 1# - HEADING--PERSONAL NAME
- Personal name:
ʻInān, Muḥammad ʻAbd Allāh,
- Dates associated with a name:
1896-
400 1# - SEE FROM TRACING--PERSONAL NAME
- Personal name:
Enan, Muhammad Abdullah,
- Dates associated with a name:
1896-
400 0# - SEE FROM TRACING--PERSONAL NAME
- Personal name:
Muhammad Abdullah Enan,
- Dates associated with a name:
1896-
400 1# - SEE FROM TRACING--PERSONAL NAME
- Personal name:
Enan, Mohamed Abdulla,
- Dates associated with a name:
1896-
400 0# - SEE FROM TRACING--PERSONAL NAME
- Personal name:
Mohamed Abdulla Enan,
- Dates associated with a name:
1896-
400 0# - SEE FROM TRACING--PERSONAL NAME
- Personal name:
Muḥammad ʻAbd Allāh ʻInān,
- Dates associated with a name:
1896-
400 1# - SEE FROM TRACING--PERSONAL NAME
- Personal name:
عنان، محمد عبد الله
400 1# - SEE FROM TRACING--PERSONAL NAME
- Personal name:
عنان، محمد عبد الله،
- Dates associated with a name:
1896
400 1# - SEE FROM TRACING--PERSONAL NAME
- Personal name:
محمد عبد الله عنان
670 ## - SOURCE DATA FOUND
- Source citation:
Ibn al-Khaṭīb. Rayḥānat al-kuttāb wa-nujʻat al-muntāb, 1980- :
- Information found:
v. 1, add. t.p. (Mohamed Abdulla Enan)